000 00836nam a2200169 4500
999 _c63806
_d63806
003 Ge_BSU
005 20260116171906.0
008 260116s1966 ge ||||| |||| 00| 0 geo d
041 _ageo
080 _a338(479.22) მ-74
100 _aმიქელაძე, ირაკლი
_94712
245 _aსაქართველოს სსრ სახალხო მეურნეობის განვითარების ტემპები და პროპორციები /
_cირაკლი მიქელაძე.
264 _aთბილისი :
_bსაბჭ. საქართველო,
_c1966.
300 _a189 გვ. :
_bცხრილ. ;
_c20 სმ.
653 _aსაქართველოს სახალხო მეურნეობა
942 _2udc
_cᲬᲘᲒᲜᲘ